000 00516nam a2200217 454500
001 063453
003 BD-ChCU
008 Eng
020 _a9788173197857
040 _aDLC
_cDLC
_dBD-ChCU
082 0 0 _a628/A261e
100 1 _aAgarwala,S.P.
_bx
245 1 0 _aEnvironmental studies
_bx
250 _ax
260 _aNew Delhi
_bNarosa Pub.
_c2006
300 _a220
504 _aIncludes
650 0 _aConservation natural resources-study and teaching
_bEnvironment
700 1 _ax
942 _2ddc
_cBK
999 _c63453
_d63453